| 000 | 02724nam0a2200433 4500 | ||
|---|---|---|---|
| 001 | RU\NLR\BIBL_A\011503294 | ||
| 005 | 20250630155120.0 | ||
| 020 |
_aRU _b8345а _9Сводный каталог листовок первых лет Советской власти (25 октября (7 ноября) 1917 - 1925) Т.4 (Ч.1). Листовки советских, партийных, профсоюзных, комсомольских и других организаций губерний РСФСР |
||
| 035 | _a(NLR Aleph) 011503294 | ||
| 090 |
_a12005914 _c12005914 |
||
| 100 | _a20171020d1921 |||y0rusy50 ca | ||
| 101 | 0 | _arus | |
| 102 | _aRU | ||
| 105 | _ay z 000zy | ||
| 135 | _acrcn 024apada | ||
| 200 | 1 |
_aКто на протяжении 3-х лет гражданской войны посылал лучшие свои силы на борьбу с отечественными и иноземными белогвардейцами во имя освобождения трудящихся _e[листовка _fАгитационно-пропагандистский отдел] |
|
| 210 |
_aКалуга _cГос. изд. Калуж. отд-ние _c2-я гос. тип. _d1921 |
||
| 215 |
_a1 с. _d15х31 |
||
| 300 | _aПодпись: Агитотдел Губкома Р.К.П. | ||
| 325 | 1 | _aКопия доступна в Электронной библиотеке РНБ | |
| 327 | 1 | _aПризыв выбирать коммунистов в Калужский Совет | |
| 540 | 1 | _aПризыв выбирать коммунистов в Калужский Совет | |
| 607 |
_aРСФСР _jЛистовки _xПолитика и управление _y1917 - 1925 _92312782 _3RU\NLR\auth\6601609564 |
||
| 686 | 0 | _aТ3(2)71-313,011 | |
| 686 | 1 | _aФ61(2Р-4Калж)271.3-5,011 | |
| 711 | 0 | 2 |
_aРКП(б) _bКалужский губернский комитет _bАгитационно-пропагандистский отдел _9465018 _3RU\NLR\AUTH\880399065 |
| 852 | 0 | 0 |
_aNLR _bФЛ _j35/90 |
| 856 | 0 | _uhttps://vivaldi.nlr.ru/ll000011915/view | |
| 856 | 1 | _uhttps://vivaldi.nlr.ru/ll000011915/cover | |
| 856 | 2 | _uhttps://vivaldi.nlr.ru/ll000011915/text | |
| 942 | _cBOOK | ||
| 980 | _aNB | ||
| 981 | 2 | 2 |
_a(22) Материалы по истории России _b(22) История России с 25 октября (7 ноября) 1917 года |
| 981 | 2 | 1 |
_a(21) Листовки _b(21) Листовки 1921 года |